000 00242nam a22001217a 4500
008 170915b xxu||||| |||| 00| 0 eng d
041 _aeng
080 _a7
100 _a44
101 _aART
245 _aMOLISE
_cGATTLE.S
942 _2udc
_cBK
999 _c27772
_d27772